000 00379nam a2200133Ia 4500
008 220217s9999||||xx |||||||||||||| ||und||
020 _a9788131502013
082 _a621.392 BOT
100 _aBotros, Nazeih M
_94991
245 0 _aHDL Programming Fundamentals VHDL and Verilog
260 _aCengage learning
_bNew Delhi
_c2011
300 _axiv;506+CD
_b350
650 _aVHDL
999 _c182089
_d182089